| 000 | 00377nam a22001697a 4500 | ||
|---|---|---|---|
| 003 | SGT | ||
| 020 | _a9780323530545 | ||
| 082 |
_a616.855 _bM20D |
||
| 100 | _aDUFFY, JOSEPH | ||
| 245 | _aMOTOR SPEECH DISORDERS | ||
| 250 | _a4TH | ||
| 260 |
_aMISSOURI _bELSEVIER PUB _c2020 |
||
| 300 | _a497 | ||
| 650 | _aAUDIOLOGY | ||
| 653 | _aMOTOR SPEECH DISORDERS | ||
| 942 |
_2ddc _cBK |
||
| 999 |
_c23457 _d23457 |
||